The Natural Resource Damage Assessment Deskbook A Legal and Technical Analysis /

Bibliographic Details
Main Author: Lee, Valerie Ann
Other Authors: J. Bridgen, Pamela
Format: eBook
Language:English
Published: Washington DC: Environmental Law Institute, 2002
Subjects:
Online Access:Acceso restringido

MARC

LEADER 00000nam a22000007a 4500
005 20220919220415.0
007 cr|||| ||||
008 220919s2002 us |||||s|||| 00||0 eng d
020 |a 9781585760404 
035 |a 36419 
040 |a vLex 
090 |c 13942  |d 13942 
100 1 |a Lee, Valerie Ann 
245 1 3 |a The Natural Resource Damage Assessment Deskbook  |h [Recurso electrn̤ico] :  |b A Legal and Technical Analysis /  |c Valerie Ann Lee, Pamela J. Bridgen 
256 |a Servicio en ln̕ea 
260 |a Washington DC:  |b Environmental Law Institute,  |c 2002 
300 |a 1 recurso electrn̤ico 
500 |a This book provides a comprehensive survey of the law and techniques associated with the law, science, and economics involved in natural resource damage assessment. Written by experts in the field, this new deskbook is the most comprehensive and up-to-date analysis of the subject available. It thoroughly examines the framework for liability and the goals of the federal statutes providing a right of action for natural resource damages. Focus is maintained on the natural resource damage provisions of CERCLA; the Oil Pollution Act; the Clean Water Act; the Marine Protection, Sanctuaries, and Research Act; and the National Park System Resource Protection Act. 
506 1 |a Disponible solo en los productos indicados  |d vLex Global  |d vLex Global (Academic Edition, excluding Law Schools)  |d vLex Global (Academic Edition, Law Schools) 
650 0 4 |a Derecho del Medio Ambiente  |z Estados Unidos 
700 1 |a J. Bridgen, Pamela 
740 0 |a vLex Libros (Servicio en ln̕ea) 
856 4 0 |u https://app.vlex.com/#/sources/36419  |z Acceso restringido 
942 |c BOOK 
999 0 |a Environmental Law